[Event "Mondiale Lampo FIDE 2025"]
[Site "Doha"]
[Date "31.15.09"]
[Round "17.2"]
[White "Sindarov, Javokhir"]
[Black "Erigaisi, Arjun"]
[Result "0-1"]
[WhiteElo "2632"]
[BlackElo "2749"]
[PlyCount "88"]
[EventDate "2025.12.29"]

1. e4 c5 2. Nc3 e6 3. d4 cxd4 4. Qxd4 Nc6 5. Qe3 Be7 6. Nf3 d5 7. exd5 exd5 8.
Qf4 Nf6 9. Be3 O-O 10. O-O-O Be6 11. Bd3 Rc8 12. Rhe1 Bb4 13. Qh4 Bxc3 14. bxc3
Qa5 15. Ng5 h6 16. Nxe6 fxe6 17. Bxh6 gxh6 18. Qxh6 Rc7 19. Rxe6 Qxc3 20. Re3
Qa3+ 21. Kb1 Qb4+ 22. Kc1 Rg7 23. Rg3 Qa3+ 24. Kb1 Qe7 25. Bf5 Rff7 26. Re3
Qb4+ 27. Rb3 Qd6 28. Rh3 Kf8 29. Qh8+ Ng8 30. g4 Ne5 31. Rc3 Nc4 32. Qh4 Qf6
33. Qg3 Rc7 34. Rxd5 Rge7 35. Rd8+ Kg7 36. Rd1 Rc6 37. Rb3 a5 38. Qd3 a4 39.
Rb4 Rd6 40. Rxc4 Rxd3 41. Bxd3 Qb6+ 42. Kc1 a3 43. f4 Qe3+ 44. Kb1 Qd2 0-1